Kľúčom k úspechu je pochopenie zákazníka

Finančná kríza a obchod. Renomé obchodu sa nezlepšilo. Proces nakupovania je zložitejší a nejednoznačnejší. Zákazníka treba lepšie spoznať. Potreba odlíšenia sa od konkurencie, štyri body koncepcie odlíšenia sa, možnosti odlíšenia sa.

Na minha lista:
Detalhes bibliográficos
Autor principal: Palfiová, Anna
Formato: Capítulo de Livro
Idioma:eslovaco
Assuntos:
Tags: Adicionar Tag
Sem tags, seja o primeiro a adicionar uma tag!

MARC

LEADER 00000naa a2200000 4500
001 0148992
005 20231208065545.1
041 0 |a slo 
044 |a SK 
245 1 0 |a Kľúčom k úspechu je pochopenie zákazníka  |c Anna Palfiová 
520 |a Finančná kríza a obchod. Renomé obchodu sa nezlepšilo. Proces nakupovania je zložitejší a nejednoznačnejší. Zákazníka treba lepšie spoznať. Potreba odlíšenia sa od konkurencie, štyri body koncepcie odlíšenia sa, možnosti odlíšenia sa. 
610 2 0 |a obchod 
610 2 0 |a maloobchod 
610 2 0 |a nákup 
610 2 0 |a ceny obchodné 
610 2 0 |a konkurencieschopnosť 
610 2 0 |a výpredaj sezónny 
610 2 0 |a spokojnosť zákazníkov 
100 1 |a Palfiová, Anna